Statistics for Name all of the Roller Coasters at Walt Disney World

Click here to take the quiz!

General Stats

  • This quiz has been taken 160 times
  • The average score is 6 of 8

Answer Stats

HintAnswer% Correct
HimilayasExpedition Everest
85%
ToysSlinky Dog Dash
82%
Blast OffSpace Mountain
81%
Hi Ho, Hi HoSeven Dwarfs Mine Train
79%
Ghost TrainBig Thunder Mountain
69%
Race through Los AngelesRock N' Roller Coaster
69%
Goofy the Great GoofiniThe Barnstormer
65%
PrehistoricPrimeval Whirl
35%

Score Distribution

Percentile by Number Answered

Percent of People with Each Score

Your Score History

You have not taken this quiz